Statistiques concernant Top 10 des pays avec les ressources les plus naturelles

Cliquez ici pour prendre le quiz!

Statistiques générales

  • Ce quiz a été pris 87 fois
  • Le résultat moyen est 7 sur 10

Statistiques - réponses

Vaut billion $Pays% Correct
45.62États-Unis
96%
74.81Russie
95%
23.71Chine
93%
33.67Canada
91%
21.28Brésil
91%
20.27Australie
85%
33.53Arabie Saoudite
69%
28.15Iran
56%
14.57Venezuela
41%
14.94Irak
32%

Distribution des résultats

Percentile par nombre de réponses

% des personnes avec chaque résultat

Votre développement - résultats

Vous n’avez pas pris ce quiz